Easy Geography Quiz - Statistics

General Stats
  • This quiz has been taken 78 times
  • The average score is 5 of 7
Answer Stats
Question Answer % Correct
What is the country known for maple syrup? Canada
99%
What is the biggest country? Russia
97%
What is the smallest country in the world? Vatican City
94%
What is the 2nd largest country? Canada
77%
Is Tuvalu landlocked? No
77%
What country has the most nukes? Russia
41%
Population of Canada? 37.06M
33%
No matching quizzes found
Score Distribution
Percent of People with Each Score
Percentile by Number Answered
Your Score History
You have not taken this quiz